Statistics for Квиз о Португалу

Click here to take the quiz!

General Stats

  • This quiz has been taken 162 times
  • The average score is 9 of 20

Answer Stats

ОписОдговор% Correct
Главни градЛисабон
99%
Држава са којом се граничиШпанија
98%
Полуострво на којем се налазиИберија
88%
Фудбалер који је пет пута
освојио Златну лопту
Кристијано Роналдо
86%
Други највећи градПорто
83%
Земља коју је Португал
колонизовао 1500.
Бразил
77%
Истраживач чија је експедиција
прва опловила свет
Фердинанд Магелан
73%
Истраживач који је
допловио до Индије
Васко да Гама
60%
Колонија враћена Кини 1999.Макао
43%
Најчешће мушко име
(португалска верзија имена Јован)
Жоао
29%
Архипелази у АтлантикуМадеира
29%
Држава у савезу са
Португалом од 1373.
Уједињено Краљевство
(Енглеска)
26%
Архипелази у АтлантикуАзори
19%
Португал чини 50% светске производње овог
материјала који се користи у винској индустрији
Плута
18%
Муслимански народ који је
некад владао Португалом
Маври
12%
Бивша валутаЕскудо
12%
Колонија коју је Индија заузела 1961.Гоа
11%
Позната врста псаПортугалски
{водени} пас
9%
Најјужнија регијаАлгарве
2%
Позната река и винска областДуро
2%

Score Distribution

Percentile by Number Answered

Percent of People with Each Score

Your Score History

You have not taken this quiz